000 00989nam a2200265Ia 4500
003 OSt
005 20221002045751.0
006 a|||||r|||| 00| 0
007 ta
008 220930b |||||||| |||| 00| 0 hin d
020 _a9788170168911 (hbk)
_c395
024 _a45601
037 _b24018, 27/03/2015, Kitab Ghar
_cReference Collections
040 _aCRL
_cCRL
_bhin
041 _2hin
_ahin
082 _aO152,1-8k, Q0(RR)
100 _aशर्मा, अशोक, संपा.
245 0 _aबीसवीं सदी के चर्चित हास्य कवि कोश
260 _aनई
_bदिल्ली किताबघर
_c2010
300 _a296पृ0
_ccm.
650 _a हिन्दी साहित्य
650 _aहिन्दी कविता
942 _hO152,1-8k, Q0(RR)
_cref
_2CC
999 _c913141
_d913141